00621nam a2200181Ia 4500008004000000020001800040082001300058100002200071245004600093260006800139300000800207440000600215650002400221690002400245906001100269999001900280952014000299210210b2006 xxu||||| |||| 00| 0 eng d a81 224 1808 2 a546 CHAC aCHANDRA (Sulekh). aComprehensive inorganic chemistry. Vol 2. aNew DelhibNew Age International (P) Limited, Publishersc2006 a281 a2 aInorganic Chemistry aInorganic Chemistry a061442 c108467d108467 001040708ChemistryaALbALcChemistryd2021-02-17eSita Book Houseg145.00l0o546 CHACp061442r2021-02-17 00:00:00w2021-02-17yBK